1674 1285 1154 1057 1276 1830 1859 1728 1001 1514 1925 1100 1166 1483 1259 1324 1117 1181 1903 1188 1486 1202 1609 1552 1266 1476 1070 1125 1913 1887 1200 1103 1819 1590 1524 1900 1796 1356 1032 1016 1974 1489 1069 1282 1222 1153 1378 1741 1543 1919 1109 1078 1921 1310 1342 1251 1820 1360 1355 1872 1810 1000 1283 1385 1072 1893 1122 1087 1405 1997 1725 1062 1989 1432 1064 1921 1329 1062 1662 1437 1752 1916 1301 1918 1401 1454 1161 1669 1940 1493 1405 1879 1335 1345 1389 1732 1113 1015 1651 BCNSPRNW ULIB Ver.6.0+V

เปลี่ยนเป็นภาษาไทย

Change to English
 แสดงรายละเอียดบรรณานุกรม
  กลับหน้าหลัก

Brief Record : Get Marc (ISO 2709) : E-mail record : QR code < ปิดหน้าต่าง
LEADER : 00000nam 2200000uu 4500
001    13399114515
003     ULIB
008    120411s2552||||th 000 0 tha d
020    ^a9786117190162
090    ^aนว.^bอ367ฤ 2552
100 0  ^aอิสราดารี
245 00 ^aฤดูกาลดวงใจ /^cอิสราดารี
250    ^aพิมพ์ครั้งที่ 1
260    ^aกรุงเทพฯ :^bอินเลิฟ,^c2552
300    ^a294 หน้า
710 1  ^aอินเลิฟ
945    ^p194^l0^i16441
995    ^aกัณชพร
999 ^a ใช้งานได้ทุกระบบ
รายการนี้ยังไม่มีแท็ก
คุณยังไม่ได้ล็อกอิน คุณสามารถมีกิจกรรมร่วมกับเว็บไซต์ได้ แต่ต้องล็อกอินก่อน ::
  ล็อกอิน

รายการสื่อสารสนเทศ

ลำดับที่ ประเภท เลขเรียก/บาร์โค้ด สถานที่ สถานะ
1. วิทยาศาสตร์การแพทย์ และสุขภาพ
วิทยาศาสตร์การแพทย์ และสุขภาพ
นว. อ367ฤ 2552  
  Barcode: 16441
ห้องสมุดวิทยาเขตสวรรค์ประชารักษ์
►นวนิยาย
บนชั้น
  ขอยืม

BibComment


ยังไม่เคยถูกคอมเมนท์

คอมเมนท์ทรัพยากรรายการนี้
  คอมเมนท์: ฤดูกาลดวงใจ อิส..


 Copyright 2026. Bcnsprnw @Library